Geboren in Schwäbisch Gmünd - Statistiken

Allgemein
  • Dieses Quiz wurde 21 mal gespielt
    10 seit der letzten Aktualisierung
  • Das Durchschnittsergebnis liegt bei 3 aus 5
Antwortstatistiken
Hinweis Antwort % Korrekt
Trainer des VfL Bochum 1962 Peter Zeidler
100%
Skispringerin und Olympiagoldmedaillengewinnerin 2014 1992 Carina Vogt
78%
Handballnationalspieler, TVB Stuttgart 1989 Kai Häfner
67%
Unternehmer und Gründer der ersten Waldorfschule 1876 Emil Molt
22%
Mitgründer und Gitarrist der Band "Münchener Freiheit" 1958 Aron Strobel
11%
Keine übereinstimmenden Quizze gefunden
Verteilung der Resultate
Anzahl Personen mit jedem Resultat
Perzentil nach korrekt beantworteten Fragen
Ihre Resultats-Entwicklung
Sie haben dieses Quiz seit der letzten Aktualisierung nicht gespielt